00417 a2200145 4500003000400000005001700004008004100021020001500062040000900077082001900086100005000105245007500155260003200230300000900262OSt20231110105948.0231110b |||||||| |||| 00| 0 eng d a996098818X coclc a297.092bIBN/B1 aIbn ʻAbdul-Maujood, Salaahud-Deen ibn ʻAlee aThe biography of Imaam Ibn Maajah /cby Salahuddin ʻAli Abdul Mawjood aRiyadh:bDarussalam,c2007. a271p